|
|
|
|
| LEADER |
01117cam a2200277 7i4500 |
| 001 |
0000006121 |
| 005 |
20210209090000.0 |
| 020 |
|
|
|a 158829241X (pbk.)
|
| 020 |
|
|
|a 1588290646 (hbk.)
|
| 020 |
|
|
|a 9781588290649
|
| 020 |
|
|
|a 9781588292414
|
| 090 |
0 |
0 |
|a QH 507
|b .I67 2003
|
| 245 |
0 |
0 |
|a Introduction to bioinformatics :
|b a theoretical and practical approach
|c edited by Stephen A. Krawetz and David D. Womble.
|
| 260 |
|
|
|a Totowa, N.J.:
|b Humana Press,
|c 2002.
|
| 300 |
|
|
|a xii, 746 p.:
|b ill.;
|c 26 cm..
|
| 650 |
0 |
0 |
|a Sequence Analysis, DNA
|
| 650 |
0 |
0 |
|a Computational biology --
|x Methods
|
| 650 |
0 |
0 |
|a Databases, Genetic
|
| 700 |
1 |
|
|a Krawetz, Stephen A.
|
| 700 |
1 |
|
|a Womble, David D.
|
| 997 |
|
|
|a Engineering & Life Sciences, Faculty
|b Science & Biotechnology, Department
|
| 998 |
|
|
|a Bioinformatics, Degree
|
| 999 |
|
|
|a 0000010152
|b BOK
|c OPEN SHELF
|e 2nd Floor, Bestari Jaya
|
| 999 |
|
|
|a 0000012971
|b BOK
|c OPEN SHELF
|e 2nd Floor, Bestari Jaya
|
| 999 |
|
|
|a CDR0000171
|b CD-ROM
|c OPEN SHELF
|e Circulation Counter, Bestari Jaya
|
| 999 |
|
|
|a CDR0000279
|b CD-ROM
|c OPEN SHELF
|e Circulation Counter, Bestari Jaya
|